People on Time Covers 2019 - Statistics

General Stats
  • This quiz has been taken 17 times
  • The average score is 10 of 32
Answer Stats
Hint Answer % Correct
American politician who is the 46th US president. He previously served as the 47th vice president from 2009 to 2017 and represented Delaware in the United States Senate from 1973 to 2009. Joe Biden
100%
American politician and attorney who is the 49th vice president of the United States. Kamala Harris
92%
American politician, media personality, businessman and 45th president Donald Trump
67%
American actor and professional wrestler. Wrestled for the WWE for eight years before pursuing an acting career. His film grossed over $3.5 billion in North America and over $10.5 billion worldwide. Dwayne Johnson
67%
Time Person of the Year; youngest ever. Swedish environmentalist Greta Thunberg
58%
American politician and lawyer who served as the 107th mayor of New York City from 1994 to 2001. Later served as an adviser and lawyer for Donald Trump Rudy Giuliani
50%
American singer-songwriter. In 2023, she had the highest grossing tour of all time. Signing with Republic Records in 2018 she released Lover in 2019 Taylor Swift
50%
Israeli politician who has been serving as the prime minister of Israel since 2022, having previously held the office from 1996 to 1999 and again from 2009 to 2021. Benjamin Netanyahu
42%
American politician and activist who is the senior United States senator from Vermont. Bernie Sanders
42%
American television personality, author and broadcast journalist for CBS News, co-hosting its flagship morning program, CBS Mornings,[and before that its predecessor CBS This Morning. She is also an editor-at-large for O, The Oprah Magazine Gayle King
42%
American rapper, singer, and songwriter. He rose to prominence with the release of his country rap single "Old Town Road", which spent 19 weeks atop the U.S. Billboard Hot 100 chart Lil Nas X
42%
American politician and former naval officer who is serving as US Secretary of Transportation. He was the 32nd mayor of South Bend, Indiana and a candidate for the 2020 Democratic presidential nomination. Pete Buttigieg
42%
American actress and comedian. Known for her roles in Saturday Night Live (1982–1985), Seinfeld (1989–1998), The New Adventures of Old Christine (2006–2010), and Veep (2012–2019). Julia Louis-Dreyfus
33%
Canadian poet, novelist, literary critic, essayist, teacher, environmental activist, and inventor. Published countless poetry collections, novels and non-fiction. Currently best know for the Handmaid's Tale. Margaret Atwood
33%
American actor. Best known for his roles in Fruitvale Station, Creed and Black Panther. Michael B Jordan
33%
American politician and activist. She has served as the U.S. representative for New York's 14th congressional district since 2019. Alexandria Ocasio-Cortez
25%
American singer and songwriter and member of the girl group Fifth Harmony. Did duets with Mendes and Machine Gun Kelly Camila Cabello
25%
Egyptian professional footballer who plays as a right winger or forward for Premier League club Liverpool and captains the Egypt national team. Mohamed Salah
25%
American politician and former law professor who is the senior United States senator from Massachusetts, Elizabeth Warren
17%
Female Democratic American politician who served as the 52nd speaker of the United States House of Representatives from 2007 to 2011 and again from 2019 to 2023. Nancy Pelosi
17%
American female professional soccer player who plays as a striker. She is the captain of San Diego Wave FC of the National Women's Soccer League (NWSL), and the United States women's national soccer team Alex Morgan
8%
Portuguese politician and diplomat. Since 2017, he has served as secretary-general of the United Nations. He served as prime minister of Portugal from 1995 to 2002. Antonio Guterres
8%
American novelist. Author of nine novels, including The Intuitionist, The Underground Railroad, and The Nickel Boys. Colson Whitehead
8%
The highest Buddhist spiritual leader and head of Tibet in exile. He is considered a living Bodhisattva. Dalia Lama
8%
American television writer, director, and producer. Created and produced Nip/Tuck, Glee, American Horror Story, American Crime Story, Pose, 9-1-1, 9-1-1: Lone Star, Ratched, American Horror Stories, and Dahmer – Monster: The Jeffrey Dahmer Story Ryan Murphy
8%
Canadian and American actress. Known for her starring roles HBO comedy series Arliss (1996–2002), ABC medical drama series Grey's Anatomy (2005–2014), and the BBC America spy thriller series Killing Eve. Sandra Oh
8%
Selected first overall in the NBA 2019 draft, plays power forward for the New Orleans Pelicans Zion Williamson
8%
American actress, rapper, and comedienne. Starred in Crazy Rich Asians and the Farewell Awkafina
0%
Costa Rican politician, writer, journalist, and political scientist who served as the 48th president of Costa Rica from 8 May 2018 to 8 May 2022. Carlos Alvarado Quesada
0%
American writer and artist, "Know My Name: A Memoir", Chanel Miller
0%
American actress known for her portrayal of strong African-American women in a long career from 1972 to 2020. Film and TV include Roots, Fried Green Tomatoes, Because of Winn-Dixie, The Help, and How To Get Away With Murder. Cicely Tyson
0%
American businesswoman, founder and former CEO of Glossier cosmetics Emily Weiss
0%
No matching quizzes found
Score Distribution
Percent of People with Each Score
Percentile by Number Answered
Your Score History
You have not taken this quiz